000 00303nam a2200133Ia 4500
005 20260328104306.0
008 260328s9999||||xx |||||||||||||| ||und||
100 _aAkşit, İlhan
245 0 _aHagia Sophia /
_cİlhan Akşit
260 _baksit
300 _a117 p.
650 _aHISTORIA
942 _cBK
999 _c10757
_d10757